000 00650nam a2200253Ia 4500
005 20260306145456.0
008 008 260114s9999 xx 000 0 eng d
020 _a9781474487313
037 _aEbook
040 _aCRL
040 _beng
040 _cCRL
041 _2eng
041 _aeng
084 _qCRL
100 _aCorredera, Vanessa I.
_91123834
245 0 _aReanimating Shakespeare's Othello in post-racial America
260 _bEdinburgh University Press (EUP)
260 _c2022
650 _aLiterary Studies
856 _uhttps://www.degruyter.com/isbn/9781474487313
942 _cEBOOK
999 _c1688670
_d1688670